| 000 | 00771nam a2200253 a 4500 | ||
|---|---|---|---|
| 001 | 000040958 | ||
| 003 | DO-SdBNP | ||
| 005 | 20220307122344.0 | ||
| 007 | 000040958 | ||
| 008 | 130911s2008 dr 000 f spa d | ||
| 020 | _a9789945171648 | ||
| 040 |
_aBPMSU _bspa _cBPMSU |
||
| 082 | 0 | 4 |
_aRD863.44 _bV443L 2008 _222 |
| 100 | 1 |
_aVeloz Maggiolo, Marcio _d1936-2021 |
|
| 245 | 1 | 0 |
_aLadridos de luna llena / _cMarcio Veloz Maggiolo. |
| 260 |
_aSanto Domingo : _bEdiciones SM, _c2008. |
||
| 300 |
_a104 p. ; _c21 cm. |
||
| 490 | 0 |
_aGran angular; _v1 |
|
| 500 | _aIncluye datos biográficos del autor en la contracubierta | ||
| 650 | 4 | _aNovela dominicana | |
| 650 | 4 | _aLiteratura dominicana | |
| 910 | _aVMateo V/Validado. Control de calidad MFF | ||
| 942 |
_2ddc _cBK |
||
| 999 |
_c7429 _d7429 |
||